Beauty and the beast / (Record no. 111076)
[ view plain ]
| 000 -LEADER | |
|---|---|
| fixed length control field | 00519nam a2200193 a 4500 |
| 001 - CONTROL NUMBER | |
| control field | 1986 |
| 005 - DATE AND TIME OF LATEST TRANSACTION | |
| control field | 20140414131908.0 |
| 008 - FIXED-LENGTH DATA ELEMENTS--GENERAL INFORMATION | |
| fixed length control field | 040111s19uu xx 00 eng d |
| 020 ## - INTERNATIONAL STANDARD BOOK NUMBER | |
| International Standard Book Number | 2-89429-697-5 |
| 050 ## - LIBRARY OF CONGRESS CALL NUMBER | |
| Classification number | ER |
| Item number | B98 1995 |
| 245 ## - TITLE STATEMENT | |
| Title | Beauty and the beast / |
| Statement of responsibility, etc | Illustrations by Zapp. |
| 260 ## - PUBLICATION, DISTRIBUTION, ETC. (IMPRINT) | |
| Place of publication, distribution, etc | Montreal, Canada : |
| Name of publisher, distributor, etc | Tormont, |
| Date of publication, distribution, etc | 1995. |
| 300 ## - PHYSICAL DESCRIPTION | |
| Extent | 28 p. : ill. ; cm. |
| 440 ## - SERIES STATEMENT/ADDED ENTRY--TITLE | |
| Title | Storytime Classics Collection |
| 650 ## - SUBJECT ADDED ENTRY--TOPICAL TERM | |
| Topical term or geographic name as entry element | Fairy tales. |
| 650 ## - SUBJECT ADDED ENTRY--TOPICAL TERM | |
| Topical term or geographic name as entry element | Children stories. |
| Withdrawn status | Lost status | Damaged status | Home library | Current library | Shelving location | Date acquired | Source of acquisition | Total Checkouts | Full call number | Barcode | Date last seen | Price effective from | Koha item type |
|---|---|---|---|---|---|---|---|---|---|---|---|---|---|
| Munich Library | Munich Library | Easy Reading Section | 08/10/2005 | ER B98 1995 | M1635 | 04/14/2014 | 04/14/2014 | Books | |||||
| Munich Library | Munich Library | Easy Reading Section | 01/22/2011 | ER B98 1995 | M3815 | 04/14/2014 | 04/14/2014 | Books |